000 00551nam a22001697a 4500
005 20251108171733.0
008 250721s1947 xx 000 0 ara d
082 1 4 _aم/811.008/عبا
100 1 _aالعباسي، بدر الدين أبو الفتح عبد الرحيم
245 1 0 _aمعاهد التنصيص على شواهد التلخيص /
264 1 _aبيروت :
_bعالم الكتب،
_c1947.
300 _a4ج في 2مج
650 1 7 _aالشعر العربي
650 1 7 _aالمختارات
942 _2ddc
_cREF
999 _c61229
_d61229